000 01292nam0a22002891 4500
001 rc\2381673
005 20250623071623.0
035 _a(NLR Aleph) 006662136
090 _a4905767
_c4905767
100 _a20110829d1978 |||y0rusy50 ca
101 0 _arus
102 _aRU
105 _ay z |||||
200 1 _aФакторы, определяющие эффективность трихограммы в борьбе с вредителями сельскохозяйственных культур
_fБелорус. НИИ науч.-техн. информ. и техн.-экон. исслед. Госплана БССР. НИИНТИ Госплана БССР
210 _aМинск
_cБ. и.
_d1978
215 _a9 с.
225 1 _aЭкспресс-информация
_iСерия "Сельское хозяйство"
300 _aВ конце текста: Р.В. Супранович
320 _aБиблиогр.: с. 9
702 1 _aСупранович
_bР.В.
_4220
712 0 2 _aБелорусский НИИ науч.-техн. информации и техн.-экон. исследований
_cМинск
801 0 _aRU
_bNLR
_gpsbo
801 1 _aRU
_bELAR
_2rusmarc
852 _aNLR
_j78-4/10680
899 _aRuMoRGB
_jM 78-11/1046
942 _cBOOK
980 _aNB